000 00361nam a2200157Ia 4500
003 Ost
005 20260225132558.0
008 260225s9999||||xx |||||||||||||| ||und||
040 _cfsic
041 _afre
082 _a609
100 _aBelkacem mostfaoui
_eAuteur
245 0 _a50ans de medias algeriens /
245 0 _cBelkacem mostfaoui
942 _cكتاب
999 _c34615
_d34615